000 00591nam a22001937a 4500
999 _c178399
_d178399
005 20210401163035.0
010 _aB-738701-709
020 _a9788194845294
_c200.00
035 _aB-738701-709
037 _bGift
082 _aN
100 _aGupta, Namrata
245 _aLost love late love /
_cby Namrata Gupta
260 _bRedgrab Books
_c2021
_aPrayagraj
270 _a942, Mutthiganj
_bPrayagraj
_e211003
300 _a159p.
_c22cm(pbk)
942 _2ddc
_cEN
_hN
_mGUP